| 000 -LEADER |
| fixed length control field |
00883nam a2200241Ia 4500 |
| 001 - CONTROL NUMBER |
| control field |
2395 |
| 003 - CONTROL NUMBER IDENTIFIER |
| control field |
GE_BSU |
| 008 - FIXED-LENGTH DATA ELEMENTS--GENERAL INFORMATION |
| fixed length control field |
181216s||||||||xx |||||||||||||| ||und|| |
| 020 ## - INTERNATIONAL STANDARD BOOK NUMBER |
| International Standard Book Number |
9789941003820 |
| 040 ## - CATALOGING SOURCE |
| Transcribing agency |
GE_BSU |
| 080 ## - UNIVERSAL DECIMAL CLASSIFICATION NUMBER |
| Universal Decimal Classification number |
11 |
| 100 ## - MAIN ENTRY--PERSONAL NAME |
| Personal name |
შოპენჰაუერი, არტერ. |
| 245 ## - TITLE STATEMENT |
| Title |
მშვენიერის მეტაფიზიკა. |
| 245 ## - TITLE STATEMENT |
| Statement of responsibility, etc. |
გერმანულიდან თარგმ. ვლადიმერ ფეიქრიშვილმა. [რედ.ნოდარ ნათაძე]. |
| 260 ## - PUBLICATION, DISTRIBUTION, ETC. |
| Place of publication, distribution, etc. |
თბილისი |
| 260 ## - PUBLICATION, DISTRIBUTION, ETC. |
| Date of publication, distribution, etc. |
2008 |
| 300 ## - PHYSICAL DESCRIPTION |
| Extent |
214გვ. ; 21სმ. |
| 300 ## - PHYSICAL DESCRIPTION |
| Other physical details |
პარალ. თავფურც. გერმ. |
| 653 ## - INDEX TERM--UNCONTROLLED |
| Uncontrolled term |
მეტაფიზიკა. |
| 653 ## - INDEX TERM--UNCONTROLLED |
| Uncontrolled term |
მშვენიერის მეტაფიზიკა. |
| 942 ## - ADDED ENTRY ELEMENTS (KOHA) |
| Koha item type |
წიგნი |